| 000 | 00704nam a2200217Ii 4500 | ||
|---|---|---|---|
| 003 | JO-AjNU | ||
| 008 | 230606s9999||||xx |||||||||||||| ||und|| | ||
| 020 | _a978-1-80181-394-5 | ||
| 040 |
_aJO-AjNU _beng _erda _cJO-AjNU |
||
| 041 | _aeng | ||
| 050 | 1 | 4 | _aQA76.76.2021 |
| 100 | 3 |
_aFerrone , Harrison , _eauthor _96561 |
|
| 245 | 0 | 0 | _aLearning C# by Developing Games With Unity 2021: Kickstart your C# Programming and Unity jiurney by building 3D games from scratch |
| 250 | _a6th ed | ||
| 264 | 3 | 1 | _aBIRMINGHAM-MUMBAL : PACKT,2021 |
| 300 | _a406p | ||
| 336 |
_atext _btxt _2rdacontent |
||
| 337 |
_aunmediated _bn _2rdamedia |
||
| 338 |
_avolume _bnc _2rdacarrier |
||
| 650 | 4 |
_aComputer Games _96562 |
|
| 999 |
_aE3405 _c3401 _d3401 |
||